| 000 | 00851nac a22002657a 4500 | ||
|---|---|---|---|
| 001 | BR8502022 | ||
| 003 | BR-BrBNA | ||
| 005 | 20240105120309.0 | ||
| 008 | 230509b bl.|||m| |||| 00| 0 por d | ||
| 040 |
_aBR-BrBNA _bpor _cBiblioteca Nacional de Agricultura |
||
| 072 | _aL02 | ||
| 090 | _a8520 BR8502022 | ||
| 100 | 1 | _aLima, S.L. | |
| 100 | 1 | _aAgostinho, C.A. | |
| 110 | 1 |
_aUniversidade Federal de Vicosa, MG (Brasil). Conselho de Extensao _910969 |
|
| 245 | 1 | _aRanicultura: tecnicas e propostas para alimentacao de ras | |
| 260 | 3 |
_aVicosa, MG (Brasil): _c1984. |
|
| 300 | _a11 p. | ||
| 490 |
_aInforme Tecnico - Universidade Federal de Vicosa. Conselho de Extensao (Brazil) _vv. 5(50) _x |
||
| 500 | _a10 ref. | ||
| 650 | _aRA | ||
| 650 | _aNUTRICAO ANIMAL | ||
| 909 |
_a202312 _bLúcia Elande _c55 _dLúcia Elande |
||
| 942 |
_2AGRIS _n0 _cMS |
||
| 999 |
_c278732 _d278732 |
||